Tom jones / (Record no. 347126)
[ view plain ]
| 000 -LEADER | |
|---|---|
| fixed length control field | 01147 a2200193 4500 |
| 020 ## - INTERNATIONAL STANDARD BOOK NUMBER | |
| International Standard Book Number | 1853260215 (paperback) |
| 020 ## - INTERNATIONAL STANDARD BOOK NUMBER | |
| International Standard Book Number | 9781853260216 (paperback) |
| 082 04 - DEWEY DECIMAL CLASSIFICATION NUMBER | |
| Classification number | 823.5 |
| 090 ## - LOCALLY ASSIGNED LC-TYPE CALL NUMBER (OCLC); LOCAL CALL NUMBER (RLIN) | |
| -- | 4693 |
| -- | 4693 |
| 100 1# - MAIN ENTRY--PERSONAL NAME | |
| Personal name | Fielding, Henry. |
| 245 10 - TITLE STATEMENT | |
| Title | Tom jones / |
| Statement of responsibility, etc. | Henry Fielding. |
| 260 ## - PUBLICATION, DISTRIBUTION, ETC. | |
| Place of publication, distribution, etc. | [S.l.] : |
| Name of publisher, distributor, etc. | Wordsworth Editions Ltd, |
| Date of publication, distribution, etc. | 1999. |
| 300 ## - PHYSICAL DESCRIPTION | |
| Extent | 768 p. ; |
| Dimensions | 20 cm. |
| 490 1# - SERIES STATEMENT | |
| Series statement | Wordsworth classics. |
| 520 ## - SUMMARY, ETC. | |
| Summary, etc. | Introduction and Notes by Doreen Roberts, Rutherford College, University of Kent at Canterbury Tom Jones is widely regarded as one of the first and most influential English novels. It is certainly the funniest. Tom Jones, the hero of the book, is introduced to the reader as the ward of a liberal Somerset squire. Tom is a generous but slightly wild and feckless country boy with a weakness for young women. Misfortune, followed by many spirited adventures as he travels to London to seek his fortune, teach him a sort of wisdom to go with his essential good-heartedness. |
| 830 #0 - SERIES ADDED ENTRY--UNIFORM TITLE | |
| Uniform title | Wordsworth classics. |
| 856 40 - ELECTRONIC LOCATION AND ACCESS | |
| Materials specified | Amazon.com |
| Uniform Resource Identifier | <a href="http://www.amazon.com/exec/obidos/ASIN/1853260215/chopaconline-20">http://www.amazon.com/exec/obidos/ASIN/1853260215/chopaconline-20</a> |
| 942 ## - ADDED ENTRY ELEMENTS (KOHA) | |
| Institution code [OBSOLETE] | NBS |
| Koha item type | Book |
| Call number prefix | 823.5 FIE |
| Withdrawn status | Lost status | Damaged status | Not for loan | Permanent Location | Current Location | Date acquired | Total Checkouts | Full call number | Barcode | Date last seen | Date last checked out | Price effective from | Koha item type |
|---|---|---|---|---|---|---|---|---|---|---|---|---|---|
| Central Library (CL) | Central Library (CL) | 08/28/2013 | 1 | 823.5 FIE | NBS5607 | 09/13/2021 | 11/09/2017 | 08/28/2013 | Book |
